|
|
|
|
| LEADER |
00000nam a22000007a 4500 |
| 005 |
20220720011010.0 |
| 007 |
cr|||| |||| |
| 008 |
220720s2022 br |||||s|||| 00||0 por d |
| 020 |
|
|
|a 978655378004-0
|
| 035 |
|
|
|a 36751
|
| 040 |
|
|
|a vLex
|
| 090 |
|
|
|c 13615
|d 13615
|
| 100 |
1 |
|
|a de Moraes Mello, Cleyson
|
| 245 |
1 |
0 |
|a Direito Civil
|h [Recurso electrn̤ico] :
|b Parte Geral /
|c Cleyson de Moraes Mello
|
| 250 |
|
|
|a 5ta. Edicin̤
|
| 256 |
|
|
|a Servicio en ln̕ea
|
| 260 |
|
|
|a Rio de Janeiro:
|b Editora Processo,
|c 2022
|
| 300 |
|
|
|a 1 recurso electrn̤ico
|
| 500 |
|
|
|a Esta obra oferece uma clara e panorḿica visô de como vm̊ sendo realizados os estudos e pesquisas sobre o Direito Civil. O autor apresenta uma personals̕sima anl̀ise do mais refinado pensamento da disciplina basilar do Direito Privado que, sem diminuir o rigor, torna o Direito Civil acessv̕el a um vasto pb︢lico. Vasto ,̌ igualmente, o seu conted︢o, destacando-se, dentre outros, a interpretaȯ̂ das transformaė̳s da estrutura da sociedade brasileira nas l︢timas dčadas, especialmente a mudanȧ da faml̕ia brasileira, a influn̊cia das redes sociais sobre a formaȯ̂ da personalidade, a melhoria geral do padrô de vida do povo e a elevaȯ̂ disseminada do nv̕el de qualificaȯ̂ dos profissionais do Direito. A coleȯ̂, que possibilita o conhecimento do enfoque acadm̊ico relativamente ̉teoria e prt̀ica do Direito, prima pela qualidade ao oferecer os conceitos e categorias jurd̕icas de forma brilhante, adaptada aos novos tempos, projetando para o futuro todas as manifestaė̳s do espr̕ito humano, e que por isso est ̀a merecer o exame e o debate de seus mťodos e concluse̳s.
|
| 506 |
1 |
|
|a Disponible solo en los productos indicados
|d vLex Global
|d vLex Global (Academic Edition, excluding Law Schools)
|d vLex Global (U.S. Academic Edition, Law Schools)
|d vLex Global (U.S. Academic Edition, excluding Law Schools)
|d vLex Global (Academic Edition, Law Schools)
|
| 650 |
0 |
4 |
|a Derecho Civil
|z Brasil
|
| 740 |
0 |
|
|a vLex Libros (Servicio en ln̕ea)
|
| 856 |
4 |
0 |
|u https://app.vlex.com/#/sources/36751
|z Acceso restringido
|
| 942 |
|
|
|c BOOK
|
| 999 |
0 |
|
|a Civil Law
|